Extinction : how life on earth nearly ended 250 million years ago
Αποθηκεύτηκε σε:
| Κύριος συγγραφέας: | |
|---|---|
| Μορφή: | Βιβλίο |
| Γλώσσα: | English |
| Δημοσίευση: |
Princeton, N.J. :
Princeton University Press,
c2006
|
| Θέματα: | |
| Ετικέτες: |
Προσθήκη ετικέτας
Δεν υπάρχουν, Καταχωρήστε ετικέτα πρώτοι!
|
MARC
| LEADER | 00000nam a2200000 i 4500 | ||
|---|---|---|---|
| 001 | 1/83694 | ||
| 008 | 080505s2006 eng d | ||
| 020 | |a 978-0-691-00524-9 | ||
| 020 | |a 0-691-00524-9 | ||
| 035 | |l 10096993 | ||
| 040 | |a GR-MY-UA |b gre |e aacr | ||
| 041 | 0 | |a eng | |
| 082 | 0 | |a 576.84 |2 (22) | |
| 100 | 1 | |a Erwin, Douglas H. |d 1958- | |
| 245 | 1 | 0 | |a Extinction : |b how life on earth nearly ended 250 million years ago / |c Douglas H. Erwin |
| 260 | |a Princeton, N.J. : |b Princeton University Press, |c c2006 | ||
| 300 | |a viii, 296 σ.; |b εικ.; |c 24 εκ. | ||
| 504 | |a Βιβλιογραφία: σ. 263-292 | ||
| 504 | |a Ευρετήριο: σ. 293-296 | ||
| 650 | 0 | 0 | |a Extinction (Biology) |x History. |
| 650 | 0 | 0 | |a Catastrophes (Geology) |
| 650 | 0 | 0 | |a Geology, Stratigraphic |y Permian. |
| 650 | 0 | 0 | |a Paleontology, Stratigraphic. |
| 852 | |a INST |b LESVOS |e 20080505 |h 576.84 ERW |p 005100038605 |q 005100038605 |t BK |y 0 | ||
| 901 | |a BIBL1-2008-2 | ||
| 909 | |a Λ |b 144237 | ||
| 922 | |a 1ΕΛΗ |b 200801 |c ΕΠΕΑΕΚ2/ΤΠ |d ΠΑΠΑΣΩΤΗΡΙΟΥ | ||
| 970 | |a ΓΙΑΛΑΜΑ |b ΜΑΡΙΑ |z 2008/05/05 | ||